| 000 | 00733cam a22002293a 4500 | ||
|---|---|---|---|
| 001 | 10625 | ||
| 003 | PGUSA | ||
| 005 | 20140828083227.0 | ||
| 008 | 040101s2004||||xxu|||||s|||||000 | eng d | ||
| 040 |
_aPGUSA _beng |
||
| 042 | _adc | ||
| 050 | 4 | _aPE | |
| 100 | 1 |
_aSkeat, Walter W. _q(Walter William), _d1835-1912 |
|
| 245 | 1 | 2 |
_aA Concise Dictionary of Middle English : _bFrom A.D. 1150 to 1580 _h[electronic resource] / _cWalter W. Skeat |
| 260 |
_bProject Gutenberg, _c2004 |
||
| 506 | _aPublic domain in the USA. | ||
| 516 | _aElectronic text | ||
| 653 | _aEnglish language -- Middle English, 1100-1500 -- Dictionaries | ||
| 830 | 0 |
_aProject Gutenberg _v10625 |
|
| 856 | 4 | 0 | _uhttp://www.gutenberg.org/ebooks/10625 |
| 942 | _cEB | ||
| 999 |
_c239880 _d239880 |
||